|
|
|
|
| LEADER |
00000nab a2200000 ar4500 |
| 001 |
vtls010113579 |
| 003 |
SK-MaSNL |
| 005 |
20260318133121.0 |
| 008 |
100709c2010 xo |||||||| 000 b|hun |
| 015 |
|
|
|a SNBRB2010/07
|2 snkbucl
|
| 038 |
|
|
|a SNKBUCL
|
| 040 |
|
|
|a DSZK
|b slo
|c DSZK
|e AACR2
|
| 041 |
0 |
|
|a hun
|
| 044 |
|
|
|a xo
|c SK
|
| 080 |
|
|
|a 329.4
|x (437.6)
|x (=511.141)
|b SMK
|2 2001
|
| 100 |
1 |
|
|a Ando, Krisztina
|4 ivr
|4 aut
|9 1035982
|
| 245 |
1 |
3 |
|a Az MKP-ra szükség van
|b beszélgetés Berényi Józseffel, az MKP udeiglenes ügyivői testületének tagjával
|c [beszélgetett] Ando Krisztina
|
| 246 |
3 |
|
|a Magyar Koalíció Pártjára szükség van
|
| 300 |
|
|
|b Fotogr.
|
| 610 |
2 |
7 |
|a Strana maďarskej koalície - Magyar Koalíció Pártja
|2 snkbucl
|9 229268
|
| 655 |
|
7 |
|a rozhovory
|2 SNKPH
|9 31831
|
| 700 |
1 |
|
|a Berényi, József,
|d 1967-
|4 ive
|4 aut
|9 109750
|
| 773 |
0 |
|
|t Szabad újság
|g Évf. XVIII, sz. 26 (2010), o. 7
|x 1335-6631
|
| 852 |
|
|
|a SNK
|b KIS3GCP
|
| 852 |
|
|
|a DSZK
|b KIS3GCP
|
| 958 |
|
|
|a HU
|
| 958 |
|
|
|a SK
|
| 999 |
|
|
|c 2099385
|d 2101315
|